00558 2200193 4500001002100000005001500021035002000036007000300056008004100059020001800100082001000118084001600128100001900144245010300163260003400266300003900300650000900339990001600348INLIS00000000000017920231013023848 a0010-1023000115ta231013 g 0 ind  a979-497-616-4 a636.2 a636.2 BUD k0 aBudi Tri Akaso1 aKesehatan Sapi :bPanduan Bagi Petugas Teknis, Mahasiswa, Penyuluh, dan Peternak /cBudi Tri Akaso aYogyakarta :bKANISIUS,c1996 a257 hlm, :bilus, ;c15 cm x 23 cm 4aSapi a00000000194